01277nam a22002897a 4500003000500000005001700005008004100022010001000063011001000073035001000083040000900093082002200102111010300124245001600227260004100243300002800284500006100312505025800373590004100631590004200672650003200714901000700746942001000753949006400763999001700827952014300844CHAP20220329140843.0971013s1967 r 10010 d a58684 a59656 a63816 cCHAP a636.0842bI5 196700aInternational Seminar on Integrated Surveys of Natural Grazing Areas (n2d: 1967c: Delft)959793 aProceedings aDelft :bITC-UNESCO Centre,c1967-68 apág. varíab: ilus. a16 folletos numerados S.15 a S.28, agrupados en una caja aContenido: S15 The pampa problem and its solution.- S16 The landscape concept and its use in the study of grassland territories.- S17 Grass land surveys and grassland production problems of cattle in grazing areas.- S20 Integrated surveys of pastoral ar aBATCH-UPDb10c20130110lUCH01h2255 aCONVERSIONb10c20130109lUCH01h133214aPastoreoxCongresos.985985 aBK cLIBRO a636.0842 I5 1967bBCcCd33724000616785eCh12333i63816si c58684d58684 00102ddc4051708CaBCbBCcPA_CONSULTAd2019-12-31fLIBROl0o636.0842 I5 1967p33724000616785r2019-12-31 00:00:00w2019-12-31yLIBRO